<?xml version="1.0" encoding="UTF-8"?>
<record
    xmlns:xsi="http://www.w3.org/2001/XMLSchema-instance"
    xsi:schemaLocation="http://www.loc.gov/MARC21/slim http://www.loc.gov/standards/marcxml/schema/MARC21slim.xsd"
    xmlns="http://www.loc.gov/MARC21/slim">

  <leader>00740nab a2200217 uc4500</leader>
  <controlfield tag="001">597503</controlfield>
  <controlfield tag="005">20251113100211.0</controlfield>
  <controlfield tag="008">000530e19991101                    spa  </controlfield>
  <datafield tag="035" ind1=" " ind2=" ">
    <subfield code="a">597503</subfield>
  </datafield>
  <datafield tag="035" ind1=" " ind2=" ">
    <subfield code="a">(OCoLC)819833490</subfield>
  </datafield>
  <datafield tag="040" ind1=" " ind2=" ">
    <subfield code="c">comduadb</subfield>
  </datafield>
  <datafield tag="041" ind1=" " ind2=" ">
    <subfield code="a">spa</subfield>
  </datafield>
  <datafield tag="100" ind1="1" ind2="0">
    <subfield code="a">Pulido Justicia, Rita</subfield>
    <subfield code="4">aut</subfield>
    <subfield code="e">aut</subfield>
    <subfield code="9">308411</subfield>
  </datafield>
  <datafield tag="245" ind1="1" ind2="0">
    <subfield code="a">Sesiones enfermeras. Una asignatura pendiente</subfield>
  </datafield>
  <datafield tag="650" ind1=" " ind2="7">
    <subfield code="a">Atenci&#xF3;n de enfermer&#xED;a</subfield>
    <subfield code="2">dcs</subfield>
    <subfield code="9">13254</subfield>
  </datafield>
  <datafield tag="650" ind1=" " ind2="7">
    <subfield code="a">Diagn&#xF3;stico de enfermer&#xED;a</subfield>
    <subfield code="2">dcs</subfield>
    <subfield code="9">50434</subfield>
  </datafield>
  <datafield tag="650" ind1=" " ind2="7">
    <subfield code="a">Evaluaci&#xF3;n en enfermer&#xED;a</subfield>
    <subfield code="2">dcs</subfield>
    <subfield code="9">50878</subfield>
  </datafield>
  <datafield tag="700" ind1="1" ind2="0">
    <subfield code="a">Souto Pe&#xF1;a, Carmen</subfield>
    <subfield code="4">aut</subfield>
    <subfield code="e">aut</subfield>
    <subfield code="9">308653</subfield>
  </datafield>
  <datafield tag="773" ind1="0" ind2=" ">
    <subfield code="t">Metas de Enfermer&#xED;a (Espa&#xF1;a)</subfield>
    <subfield code="g">Volumen 02, N&#xFA;mero 20, Noviembre 1999, p.45-47</subfield>
    <subfield code="w">596371</subfield>
    <subfield code="x">1138-7262</subfield>
    <subfield code="0">156710</subfield>
  </datafield>
  <datafield tag="942" ind1=" " ind2=" ">
    <subfield code="c">ARIMP</subfield>
  </datafield>
  <datafield tag="999" ind1=" " ind2=" ">
    <subfield code="c">155304</subfield>
    <subfield code="d">155304</subfield>
  </datafield>
</record>
